|
|
|
|
| LEADER |
00000nam a2200000Ii 4500 |
| 001 |
DIGEDUNAV0063 |
| 003 |
NyNyDIG |
| 006 |
m o d |
| 007 |
cr ||||||||||| |
| 008 |
220607s2015 sp obd 001 0 spa d |
| 035 |
|
|
|a (OCoLC)1333702191
|
| 040 |
|
|
|a DGITA
|b eng
|e rda
|e pn
|c DGITA
|
| 020 |
|
|
|z 9788431330927
|
| 050 |
1 |
4 |
|a BX830.1962 ebook
|
| 082 |
0 |
4 |
|a 262.52
|
| 245 |
0 |
0 |
|a Diccionario teológico del Concilio Vaticano II /
|c José R. Villar (dir.)
|
| 264 |
|
1 |
|a Barañáin, Navarra :
|b EUNSA, Ediciones Universidad de Navarra,
|c [2015]
|
| 300 |
|
|
|a 1 online resource.
|
| 336 |
|
|
|a text
|b txt
|2 rdacontent
|
| 337 |
|
|
|a computer
|b c
|2 rdamedia
|
| 338 |
|
|
|a online resource
|b cr
|2 rdacarrier
|
| 347 |
|
|
|a text file
|2 rdaft
|
| 347 |
|
|
|b PDF
|
| 504 |
|
|
|a Includes bibliographical references and index.
|
| 588 |
0 |
|
|a Online resource; title from PDF title page (Digitalia, viewed June 7, 2022)
|
| 611 |
2 |
0 |
|a Vatican Council
|n (2nd :
|d 1962-1965 :
|c Basilica di San Pietro in Vaticano)
|v Dictionaries
|x Spanish.
|
| 655 |
|
0 |
|a Electronic books.
|
| 700 |
1 |
|
|a Villar, José R.
|q (José Ramón),
|d 1958-,
|e editor.
|
| 791 |
2 |
|
|a Digitalia (Firm),
|e distributor.
|
| 793 |
0 |
|
|g Digitalia eBook Collection:
|a Ediciones Universidad de Navarra
|
| 776 |
0 |
8 |
|i Print version:
|t Diccionario teológico del Concilio Vaticano II.
|d Barañáin, Navarra : EUNSA, Ediciones Universidad de Navarra, [2015]
|z 9788431330927
|
| 856 |
4 |
0 |
|3 Digitalia Hispánica
|u https://www.digitaliapublishing.com/a/51371/
|
| 910 |
|
|
|a Premium collection: 2022
|